000 00700nam a2200229 a 4500
001 BRCA_5779
005 20190320205219.0
008 090311s1933----sp-a######---#000-0#spa-#
041 _aspa
044 _asp
050 4 _aNK5000
_b.J83 1933
100 1 _aJuaristi, Victoriano
_914659
245 1 0 _aEsmaltes con especial mención de los españoles
_cVictoriano Juaristi.
260 _aBarcelona, España
_bLabor
_c1933
300 _a286 p.
_bil. (algunas a color), 53 láminas
_c19 cm.
440 0 _aColección Labor
_pArtes plásticas
_v317-318
_914660
500 _aIncluye índice alfabético
500 _aG7
650 1 4 _aEsmalte y esmaltado
_zEspaña
_97999
902 _aGFM
942 _2lcc
_cB
999 _c5468
_d5468